|
|
|
|
| LEADER |
00745nam a22001931 4500 |
| 001 |
c000205143 |
| 003 |
CARM |
| 005 |
20021125002000.0 |
| 008 |
851113s1965 gw 0 ger d |
| 019 |
1 |
|
|a 4153359
|5 LACONCORD2021
|
| 035 |
|
|
|a (OCoLC)10026671
|5 LACONCORD2021
|
| 100 |
1 |
|
|a Hederer, Edgar,
|d 1909-
|
| 245 |
1 |
0 |
|a Deutsche Dichtung des Barock /
|c hrsg. von E.Hederer.
|
| 260 |
|
|
|a Darmstadt :
|b Wissenschaftliche Buchgesellschaft,
|c 1965.
|
| 650 |
|
0 |
|a German literature
|y 17th century.
|
| 852 |
8 |
|
|b CARM
|h A2:AN17A0
|i A03456
|p 0307434
|f BK
|
| 082 |
0 |
4 |
|a 830.9005
|
| 999 |
f |
f |
|i 1dd19478-589c-5a90-8418-f163dccd2171
|s 76f826af-ef8a-5b2d-b3dc-aa48a3eae70b
|
| 952 |
f |
f |
|p Can circulate
|a CAVAL
|b CAVAL
|c CAVAL
|d CARM 1 Store
|e A03456
|f A2:AN17A0
|h Other scheme
|i book
|m 0307434
|